[Event "Ricany op"]
[Site "Ricany"]
[Date "2016.09.01"]
[Round "7"]
[White "Martinec, Karel"]
[Black "Pivonka, Michael"]
[Result "0-1"]
[WhiteElo "1889"]
[BlackElo "1692"]
[PlyCount "44"]
[EventDate "2016.08.27"]
[EventType "swiss"]
[EventRounds "9"]
[EventCountry "CZE"]
[SourceTitle "CBM 174 Extra"]
[Source "ChessBase"]
[SourceDate "2016.10.10"]
[SourceVersion "1"]
[SourceVersionDate "2016.10.10"]
[SourceQuality "1"]

1. Nf3 d5 2. d4 Nf6 3. g3 Bf5 4. Bg2 c6 5. b3 e6 6. 0-0 Bd6 7. Bb2 0-0 8. Nbd2 Nbd7 9. Ne5 Ng4 10. Nxg4 Bxg4 11. f3 Bh5 12. e4 Qb6 13. Kh1 f5 14. e5 Be7 15. c4 c5 16. dxc5 Bxc5 17. cxd5 exd5 18. Qc2 f4 19. Bh3 Rad8 20. Rad1 Nb8 21. Bf5 fxg3 22. hxg3 Qh6 0-1

[Event "Ricany op"]
[Site "Ricany"]
[Date "2015.08.23"]
[Round "2"]
[White "Pivonka, Michael"]
[Black "Petrun, Milan"]
[Result "0-1"]
[WhiteElo "1800"]
[BlackElo "1991"]
[PlyCount "90"]
[EventDate "2015.08.22"]
[EventType "swiss"]
[EventRounds "9"]
[EventCountry "CZE"]
[SourceTitle "EXT 2023"]
[Source "ChessBase"]
[SourceDate "2022.10.05"]
[SourceVersion "1"]
[SourceVersionDate "2022.10.05"]
[SourceQuality "1"]

1. d4 Nf6 2. Nf3 e6 3. Bg5 Be7 4. e3 b6 5. c4 Bb7 6. Nc3 0-0 7. Bd3 d5 8. 0-0 dxc4 9. Bxc4 Ne4 10. Bxe7 Qxe7 11. Qc2 Nxc3 12. bxc3 Nd7 13. e4 e5 14. Rfe1 Rad8 15. Rad1 Rfe8 16. d5 Nc5 17. Bb5 Rf8 18. Nd2 Rd6 19. Nb3 Rg6 20. Nxc5 Qxc5 21. Bd7 Rd6 22. Bf5 Ba6 23. Qa4 Bc4 24. Qb4 Qxb4 25. cxb4 Rfd8 26. a3 c6 27. Rc1 b5 28. Bg4 Kf8 29. dxc6 Rxc6 30. Red1 Rcd6 31. Rxd6 Rxd6 32. Rd1 Ke7 33. Rxd6 Kxd6 34. Bc8 g6 35. Bh3 Bd3 36. f3 f5 37. exf5 gxf5 38. Kf2 f4 39. Ke1 Kd5 40. Kd2 Kd4 41. g3 e4 42. gxf4 exf3 43. Ke1 Ke3 44. f5 f2+ 45. Kd1 f1Q+ 0-1

[Event "Prague Golden op 11th"]
[Site "Prague"]
[Date "2015.06.27"]
[Round "8"]
[White "Benes, Petr1"]
[Black "Pivonka, Michael"]
[Result "1-0"]
[WhiteElo "2041"]
[BlackElo "1752"]
[PlyCount "79"]
[EventDate "2015.06.21"]
[EventType "swiss"]
[EventRounds "9"]
[EventCountry "CZE"]
[SourceTitle "EXT 2017"]
[Source "ChessBase"]
[SourceDate "2016.10.25"]
[SourceVersion "1"]
[SourceVersionDate "2016.10.25"]
[SourceQuality "1"]

1. c4 e6 2. Nf3 d5 3. g3 Nf6 4. Bg2 Be7 5. 0-0 0-0 6. b3 c5 7. e3 Nc6 8. Qe2 Rb8 9. Bb2 d4 10. exd4 cxd4 11. Ne5 Qb6 12. Na3 Bd6 13. Nd3 a6 14. Rfc1 Nd7 15. Nc2 e5 16. Ba3 Bxa3 17. Nxa3 Qa5 18. Nc2 Re8 19. b4 Qc7 20. b5 axb5 21. cxb5 Ne7 22. a4 Qd6 23. a5 Nd5 24. Nxd4 N7f6 25. Nb3 Bg4 26. Qf1 e4 27. Ndc5 b6 28. axb6 Qxb6 29. Nd4 Nb4 30. Qc4 Nd3 31. Nxd3 exd3 32. Ra6 Qd8 33. Nc6 Rc8 34. Qb4 Qd7 35. h3 Bxh3 36. Ra7 Qe6 37. Bxh3 Qxh3 38. Ne7+ Rxe7 39. Rxc8+ Qxc8 40. Qxe7 1-0

[Event "Prague Golden op 11th"]
[Site "Prague"]
[Date "2015.06.24"]
[Round "5"]
[White "Pivonka, Michael"]
[Black "Koper, Stefan"]
[Result "1-0"]
[WhiteElo "1752"]
[BlackElo "2017"]
[PlyCount "101"]
[EventDate "2015.06.21"]
[EventType "swiss"]
[EventRounds "9"]
[EventCountry "CZE"]
[SourceTitle "EXT 2017"]
[Source "ChessBase"]
[SourceDate "2016.10.25"]
[SourceVersion "1"]
[SourceVersionDate "2016.10.25"]
[SourceQuality "1"]

1. d4 g6 2. Nf3 Bg7 3. Bg5 c5 4. c3 Qb6 5. Qb3 Qxb3 6. axb3 cxd4 7. Nxd4 Bxd4 8. cxd4 Nc6 9. e3 f6 10. Bf4 d6 11. Bc4 g5 12. Bg3 h5 13. f3 h4 14. Bf2 g4 15. Nc3 h3 16. gxh3 Rxh3 17. Bxg8 Nb4 18. Kd2 Rxf3 19. Raf1 Rh3 20. Nd5 Nxd5 21. Bxd5 e6 22. Bg2 Rh5 23. h3 gxh3 24. Rxh3 Rxh3 25. Bxh3 e5 26. Bxc8 Rxc8 27. Bh4 exd4 28. exd4 Kd7 29. Rxf6 Kc6 30. Kd3 Rg8 31. Be1 b6 32. Bb4 Rd8 33. Ke4 Re8+ 34. Kf5 Rd8 35. Rxd6+ Rxd6 36. Bxd6 Kxd6 37. Ke4 a5 38. d5 b5 39. Kd4 b4 40. Kc4 Kd7 41. Kb5 Kd6 42. Kxa5 Kxd5 43. Kxb4 Kc6 44. Ka5 Kb7 45. Kb5 Ka7 46. Kc6 Kb8 47. b4 Ka7 48. b5 Kb8 49. Kb6 Ka8 50. Kc7 Ka7 51. b6+ 1-0

[Event "Prague Golden op 11th"]
[Site "Prague"]
[Date "2015.06.23"]
[Round "4"]
[White "Janacek, Jaroslav"]
[Black "Pivonka, Michael"]
[Result "1-0"]
[WhiteElo "1993"]
[BlackElo "1752"]
[PlyCount "49"]
[EventDate "2015.06.21"]
[EventType "swiss"]
[EventRounds "9"]
[EventCountry "CZE"]
[SourceTitle "EXT 2017"]
[Source "ChessBase"]
[SourceDate "2016.10.25"]
[SourceVersion "1"]
[SourceVersionDate "2016.10.25"]
[SourceQuality "1"]

1. e4 c5 2. c3 d6 3. d4 cxd4 4. cxd4 Nf6 5. Nc3 a6 6. Nf3 g6 7. a3 Bg7 8. Bc4 0-0 9. 0-0 b5 10. Ba2 Qb6 11. h3 Bb7 12. Qe2 b4 13. axb4 Qxb4 14. e5 dxe5 15. dxe5 Nfd7 16. e6 Nb6 17. exf7+ Kh8 18. Re1 Nc6 19. Bg5 e5 20. Rad1 a5 21. Ne4 Ba6 22. Qc2 Bc4 23. Bd2 Qb5 24. Nd6 Qc5 25. Nxc4 1-0

[Event "Ricany op-A"]
[Site "Ricany"]
[Date "2014.08.30"]
[Round "9"]
[White "Pivonka, Michael"]
[Black "Sadil, Jan"]
[Result "0-1"]
[WhiteElo "1612"]
[BlackElo "1722"]
[PlyCount "72"]
[EventDate "2014.08.23"]
[EventType "swiss"]
[EventRounds "9"]
[EventCountry "CZE"]
[SourceTitle "EXT 2015"]
[Source "ChessBase"]
[SourceDate "2014.11.20"]
[SourceVersion "1"]
[SourceVersionDate "2014.11.20"]
[SourceQuality "1"]

1. d4 Nf6 2. Nf3 g6 3. c4 Bg7 4. Nc3 0-0 5. e4 d6 6. Be2 Nbd7 7. 0-0 e5 8. dxe5 Nxe5 9. Nxe5 dxe5 10. Be3 Be6 11. f3 c6 12. Qc2 Qc7 13. Rfd1 b6 14. b3 Rad8 15. Rxd8 Rxd8 16. Rd1 Bf8 17. Na4 Be7 18. Rxd8+ Qxd8 19. c5 b5 20. Nb2 Nd7 21. a4 a6 22. axb5 axb5 23. Nd3 Qa5 24. b4 Qa1+ 25. Qc1 Qxc1+ 26. Bxc1 f6 27. Bb2 Bc4 28. Kf2 Kf7 29. Ke3 Ke6 30. g3 Bd8 31. f4 Bc7 32. fxe5 Bxd3 33. Bxd3 Bxe5 34. Bd4 Nb8 35. Bc2 Na6 36. Bb3+ Ke7 0-1

[Event "Ricany op-A"]
[Site "Ricany"]
[Date "2014.08.29"]
[Round "8"]
[White "Vrtiakova, Anna"]
[Black "Pivonka, Michael"]
[Result "1-0"]
[WhiteElo "1954"]
[BlackElo "1612"]
[PlyCount "53"]
[EventDate "2014.08.23"]
[EventType "swiss"]
[EventRounds "9"]
[EventCountry "CZE"]
[SourceTitle "EXT 2015"]
[Source "ChessBase"]
[SourceDate "2014.11.20"]
[SourceVersion "1"]
[SourceVersionDate "2014.11.20"]
[SourceQuality "1"]

1. e4 c5 2. Nf3 Nc6 3. Bb5 e6 4. 0-0 d5 5. exd5 exd5 6. Re1+ Be6 7. d4 h6 8. Nc3 Nf6 9. Ne5 Rc8 10. Qe2 Be7 11. dxc5 Nd7 12. Bxc6 bxc6 13. Nxd7 Qxd7 14. b4 Bf6 15. Bb2 Qb7 16. Rab1 0-0 17. a3 Rfe8 18. Qd3 Re7 19. Na4 Bxb2 20. Nxb2 Rce8 21. h3 Qd7 22. Qd2 Bf5 23. Nd3 Re4 24. f3 R4e6 25. Rxe6 Rxe6 26. Re1 Rg6 27. Ne5 1-0

[Event "Ricany op-A"]
[Site "Ricany"]
[Date "2014.08.24"]
[Round "2"]
[White "Pivonka, Michael"]
[Black "Fuskova, Martina"]
[Result "0-1"]
[WhiteElo "1612"]
[BlackElo "1948"]
[PlyCount "70"]
[EventDate "2014.08.23"]
[EventType "swiss"]
[EventRounds "9"]
[EventCountry "CZE"]
[SourceTitle "EXT 2015"]
[Source "ChessBase"]
[SourceDate "2014.11.20"]
[SourceVersion "1"]
[SourceVersionDate "2014.11.20"]
[SourceQuality "1"]

1. d4 Nf6 2. c4 e6 3. Nc3 Bb4 4. a3 Bxc3+ 5. bxc3 b6 6. Bg5 Bb7 7. e3 h6 8. Bh4 g5 9. Bg3 Ne4 10. Qc2 d6 11. Bd3 f5 12. f3 Nxg3 13. hxg3 Nd7 14. Ne2 Qf6 15. 0-0-0 0-0-0 16. e4 fxe4 17. Bxe4 e5 18. Bxb7+ Kxb7 19. Qe4+ Kb8 20. g4 Rde8 21. Qd5 exd4 22. Nxd4 Ne5 23. Kb2 Qf4 24. Rhe1 Nd3+ 25. Rxd3 Rxe1 26. Nc6+ Kc8 27. Nxa7+ Kd7 28. Rd4 Qc1+ 29. Kb3 Qb1+ 30. Ka4 Qc2+ 31. Kb5 Qb3+ 32. Ka6 Qxa3+ 33. Kb7 Qc5 34. Qf7+ Re7 35. Qg6 b5 0-1

[Event "Prague Golden op 10th"]
[Site "Prague"]
[Date "2014.06.28"]
[Round "8"]
[White "Pivonka, Michael"]
[Black "Pavlicek, Petr"]
[Result "1/2-1/2"]
[WhiteElo "1578"]
[BlackElo "1925"]
[PlyCount "34"]
[EventDate "2014.06.22"]
[EventType "swiss"]
[EventRounds "9"]
[EventCountry "CZE"]
[SourceTitle "CBM 161 Extra"]
[Source "ChessBase"]
[SourceDate "2014.08.29"]
[SourceVersion "1"]
[SourceVersionDate "2014.08.29"]
[SourceQuality "1"]

1. d4 Nf6 2. Nf3 g6 3. c3 Bg7 4. Bg5 Ne4 5. Bh4 d5 6. Nbd2 c5 7. dxc5 Nxc5 8. Nd4 Qb6 9. N2b3 Nc6 10. e3 Nxd4 11. exd4 Na4 12. Rb1 Bf5 13. Bd3 Qe6+ 14. Kf1 0-0 15. f3 Bh6 16. Qe2 Qxe2+ 17. Kxe2 Bxd3+ 1/2-1/2